LEADER 02152nas a2200337 i 4500 001 000000030863 003 CaOOAMICUS 005 20180830125449.0 008 180830s1960 it uu u0 0ita r 040 $aSeMil$bita 245 13$aIl buon curato di Chiuso. - 1960- (Lecco :$bStefanoni) 260 $a[S.l. :$bs.n.],$c1960$e(Lecco :$fStefanoni,$g1960) 300 $av. ;$c21 cm. 500 $aPeriodicità : Bimestrale. - Descrizione basata su : A. 3, n. 6 (1963). Dal 1997 il formato varia in 24 cm ; dal 2004 il formato varia in 30 cm. - Editore varia in : Grafica Colombo (Lecco ; Valmadrera). - Contiene : Numero speciale ; Edizione speciale per il 250. anniversario della nascita. 500 $aConsistenza: Fasc. 6 (1963) - 2,3 (1997) ; 1 (1998) ; 1,2 (1999) ; 1 (2001) ; 1 (2002) ; 1 (2003) ; 1 (2004) ; 1 (2006) 600 14$aMorazzone, Serafino .$0(OLS)http://semarc/subject/2279 774 0 $t1997 : 2.$dLecco : Grafica Colombo, 1997.$w()235255 774 0 $t1997 : 3.$dLecco : Grafica Colombo, 1997.$w()235259 774 0 $t1998 : 1.$dLecco : Grafica Colombo, 1998.$w()235260 774 0 $t1999 : 1.$dLecco : Grafica Colombo, 1999.$w()235263 774 0 $t1999 : 2.$dLecco : Grafica Colombo, 1999.$w()235264 774 0 $t2001 : 1.$dLecco : Grafica Colombo, 2001.$w()235265 774 0 $t2002 : 1.$dLecco : Grafica Colombo, 2002.$w()235266 774 0 $t2003 : 1.$dLecco : Grafica Colombo, 2003.$w()235268 774 0 $t2004 : 1.$dValmadrera : Grafica Colombo, 2004.$w()235269 774 0 $tEdizione speciale per il 250. Anniversario della nascita.$dLecco : Grafica Colombo, 1997.$w()235273 774 0 $tNumero speciale in occasione dell'inaugurazione dei restauri e della Consacrazione della Chiesa Parrocchiale di Chiuso.$dLecco : Grafica Colombo, 2000.$w()235274 774 0 $tDon Serafino Morazzone e il suo tempo.$dValmadrera : Grafica Colombo, 2006.$w()235279 774 0 $t1963.$dLecco : Stefanoni, 1963.$w()235280 996 $6245$aIl buon curato di Chiuso. - 1960- (Lecco :$bStefanoni)$9(OLS)http://semarc/title/41996 996 $6260$a[S.l. :$bs.n.]$9(OLS)http://semarc/publisher/29751 LEADER 01685nam a2200337 i 4500 001 000000112917 003 CaOOAMICUS 005 20030306000000.0 008 030306s2003 it u000 u ita u 013 $a85601 020 $a88-16-40613-5 040 $aSeMil$bita 100 1 $aBiffi, Inos,$c.$0(OLS)http://semarc/name/282 245 10$aFede, poesia e canto del mistero di Cristo :$bin Ambrogio, Agostino e Paolino di Aquileia /$cInos Biffi ; Presentazione di Luciano Migliavacca. 260 $aMilano :$bJaca Book,$ccopyr. 2003. 300 $a129 p. ;$c23 cm. 490 0 $aBiblioteca di cultura medievale 490 0 $aDi fronte e attraverso ;$v613 600 04$aAgostino, Aurelio .$0(OLS)http://semarc/subject/1856 600 04$aAmbrogio .$0(OLS)http://semarc/subject/356 650 4$aPaolino : di Nola .$0(OLS)http://semarc/subject/45075 650 4$aCanto liturgico.$0(OLS)http://semarc/subject/1875 700 1 $aMigliavacca, Luciano .$0(OLS)http://semarc/name/33474 830 0$aBiblioteca di cultura medievale .$0(OLS)http://semarc/title/530 830 0$aDi fronte e attraverso ;$v613.$0(OLS)http://semarc/title/6486 850 $aSeMil 852 $aSeMil$W1$xVenegono$y1$m2N II 375$j68634$B68634$CSeMilBibl$Z2$F74444 $81 961 $aOmaggio: Biffi mons. Inos 996 $6020$a88-16-40613-5$9(OLS)http://semarc/number/95644 996 $6245$aFede, poesia e canto del mistero di Cristo :$bin Ambrogio, Agostino e Paolino di Aquileia$9(OLS)http://semarc/title/164718 996 $6260$aMilano :$bJaca Book$9(OLS)http://semarc/publisher/29781